00462nam a2200145Ia 4500003000900000008004100009040001600050080001700066100001900083245010300102260004800205300001200253650002700265650002400292IN-BaIIA211028s9999 xx 000 0 eng d cIIA Library a535.338bKRO aKronig, R De L 0aBand spectra and molecular structurecR De L Kronig  aCambridgebCambridge University Pressc1930 ax,163p. aMolecular Spectroscopy aMolecular Structure